Desplazamiento forzado y construcción de paz en Colombia, 2009-2010 / (Registro nro. 6789)

Detalles MARC
000 -LEADER
fixed length control field 01340cam a2200301 i 4500
003 - CONTROL NUMBER IDENTIFIER
control field OSt
005 - DATE AND TIME OF LATEST TRANSACTION
control field 20200812114523.0
008 - FIXED-LENGTH DATA ELEMENTS--GENERAL INFORMATION
fixed length control field 160517s2011 ck ao grb 000 0dspa d
010 ## - LIBRARY OF CONGRESS CONTROL NUMBER
LC control number 2015453914
020 ## - INTERNATIONAL STANDARD BOOK NUMBER
International Standard Book Number 9789589971512
040 ## - CATALOGING SOURCE
Original cataloging agency EQO
Transcribing agency CO-JMCR
041 0# - LANGUAGE CODE
Language code of text/sound track or separate title spa
082 04 - DEWEY DECIMAL CLASSIFICATION NUMBER
Classification number 304.80986 /
Item number V648d
Edition number 23
100 1# - MAIN ENTRY--PERSONAL NAME
Personal name Vidal López, Roberto,
Relator term autor
9 (RLIN) 8642
245 10 - TITLE STATEMENT
Title Desplazamiento forzado y construcción de paz en Colombia, 2009-2010 /
Statement of responsibility, etc. Roberto Vidal, Jorge Salcedo, Adriana Medina ; fotografías, Daniel Hernández-Salazar.
260 ## - PUBLICATION, DISTRIBUTION, ETC.
Place of publication, distribution, etc. Bogotá :
Name of publisher, distributor, etc. CODHES Consultoría para los Derechos Humanos y el Desplazamiento
Date of publication, distribution, etc. 2011.
300 ## - PHYSICAL DESCRIPTION
Extent 116 páginas : ,
Other physical details ilustraciones, fotografías a color ;
Dimensions 24 cm.
500 ## - GENERAL NOTE
General note datos biográficos de los autores [119].
504 ## - BIBLIOGRAPHY, ETC. NOTE
Bibliography, etc. note Bibliografía : páginas 113-116.
520 ## - SUMMARY, ETC.
Summary, etc. La paz y el desplazamiento forzoso son fenómenos que se encuentran estrechamente vinculados. Por un lado, la resolución definitiva del desplazamiento sólo será posible
650 24 - SUBJECT ADDED ENTRY--TOPICAL TERM
Topical term or geographic name entry element Desplazados internos
Geographic subdivision Colombia.
9 (RLIN) 8643
650 24 - SUBJECT ADDED ENTRY--TOPICAL TERM
Topical term or geographic name entry element Migración forzada
Geographic subdivision Colombia.
9 (RLIN) 8644
650 24 - SUBJECT ADDED ENTRY--TOPICAL TERM
Topical term or geographic name entry element Construcción de paz
Geographic subdivision Colombia.
9 (RLIN) 8645
700 1# - ADDED ENTRY--PERSONAL NAME
Personal name Salcedo, Jorge,
Relator term autor
9 (RLIN) 8646
700 1# - ADDED ENTRY--PERSONAL NAME
Personal name Medina, Adriana,
9 (RLIN) 8647
700 1# - ADDED ENTRY--PERSONAL NAME
Personal name Hernández-Salazar, Daniel,
Relator term fotógrafo
9 (RLIN) 8648
942 ## - ADDED ENTRY ELEMENTS (KOHA)
Source of classification or shelving scheme Dewey Decimal Classification
Koha item type Books
Existencias
Withdrawn status Lost status Source of classification or shelving scheme Damaged status Not for loan Home library Current library Shelving location Date acquired Source of acquisition Total Checkouts Full call number Barcode Date last seen Copy number Price effective from Koha item type
    Dewey Decimal Classification     Biblioteca Pública José María del Castillo y Rada Biblioteca Pública José María del Castillo y Rada General Stacks 04/15/2018 Donación   304.80986 / V648d 201809966 05/16/2024 Ej.1 04/15/2018 Books